000 00760nam a2200229 a 4500
001 BRCA_6297
005 20190320205413.0
008 040811s1875----enkac#####---#000-0#eng-#
041 _aeng
044 _aenk
050 4 _aF6442
_b.P74 1875
100 1 _aPrescott, William Hickling
_d1796-1859
_98071
245 1 0 _aHistory of the conquest of Peru
_bwith a preliminary view of the civilization of the Incas
_cby William H. Prescott; new & rev. edition by John Foster Kirk.
260 _aLondres
_bG. Routledge
_c1875
300 _a2 v.
_bil., retratos
_c22 cm.
500 _aK158
650 1 4 _aIncas
_915792
651 4 _aPerĂº
_xHistoria
_yConquista, 1522-1548
_915793
700 1 _aKirk, John Foster
_f1824-1904
_eed.
_915794
902 _aGFM
942 _2lcc
_cB
999 _c5983
_d5983